000 00724nam a2200241Ia 4500
003 OSt
005 20220918192558.0
006 a|||||r|||| 00| 0
007 ta
008 220917b |||||||| |||| 00| 0 eng d
024 _a69,150
037 _cTextual
040 _aARTS
_cARTS
_beng
041 _2eng
_aeng
082 _aR3,(Q7xJ71), L8
100 _aNasr Seyyed Hossein
245 0 _aSadr al-din Shirazi and his transcendent theosophy
_b background , life and works
260 _aTehran
_bImperial Iranian Academy of Philosophy
_c1978
300 _a108p.
_ccm.
500 _aBib 99-100p; Includes index
942 _hR3,(Q7xJ71), L8
_cTEXL
_2CC
999 _c195313
_d195313